000 01379nam a2200325 a 4500
001 ebr10719121
003 CaPaEBR
006 m o u
007 cr cn|||||||||
008 150303s2013 enk sb 001 0 eng d
020 _z9780470673706
020 _z9781118328330 (e-book)
040 _aCaPaEBR
_cCaPaEBR
035 _a(OCoLC)851158630
050 1 4 _aB945.D384
_b.C66 2013eb
082 0 4 _a191
_223
245 0 2 _aA companion to Donald Davidson
_h[electronic resource] /
_cedited by Ernie Lepore, Kirk Ludwig.
260 _aChichester, West Sussex, U.K. :
_bWiley-Blackwell,
_cc2013.
300 _a1 online resource (xiii, 615 p.).
490 0 _aBlackwell companions to philosophy ;
_v53
504 _aIncludes bibliographical references at the end of each chapters and indexes.
533 _aElectronic reproduction.
_bPalo Alto, Calif. :
_cebrary,
_d2015.
_nAvailable via World Wide Web.
_nAccess may be limited to ebrary affiliated libraries.
588 _aDescription based on online resource; title from title page (ebrary, viewed June 28, 2013).
600 1 0 _aDavidson, Donald,
_d1917-2003.
655 7 _aElectronic books.
_2local
700 1 _aLepore, Ernie.
700 1 _aLudwig, Kirk.
710 2 _aebrary, Inc.
856 4 0 _uhttp://site.ebrary.com/lib/rucke/Doc?id=10719121
_zAn electronic book accessible through the World Wide Web; click to view
999 _c41438
_d41438